5 digit roman numerals - Statistics

General Stats
  • This quiz has been taken 30 times
    24 since last reset
  • The average score is 232 of 387
Answer Stats
Answer % Correct
xviii
100%
cviii
88%
lviii
88%
lxiii
88%
lxvii
88%
lxxii
88%
lxxiv
88%
lxxix
88%
lxxvi
88%
lxxxi
88%
lxxxv
88%
xciii
88%
xcvii
88%
xliii
88%
xlvii
88%
xxiii
88%
xxvii
88%
xxxii
88%
xxxiv
88%
xxxix
88%
xxxvi
88%
cccii
75%
ccciv
75%
cccix
75%
cccli
75%
ccclv
75%
ccclx
75%
cccvi
75%
cccxc
75%
cccxi
75%
cccxl
75%
cccxv
75%
cccxx
75%
cciii
75%
cclii
75%
ccliv
75%
cclix
75%
cclvi
75%
cclxi
75%
cclxv
75%
cclxx
75%
ccvii
75%
ccxci
75%
ccxcv
75%
ccxii
75%
ccxiv
75%
ccxix
75%
ccxli
75%
ccxlv
75%
ccxvi
75%
ccxxi
75%
ccxxv
75%
ccxxx
75%
cdiii
75%
cdlii
75%
cdliv
75%
cdlix
75%
cdlvi
75%
cdlxi
75%
cdlxv
75%
cdlxx
75%
cdvii
75%
cdxci
75%
cdxcv
75%
cdxii
75%
cdxiv
75%
cdxix
75%
cdxli
75%
cdxlv
75%
cdxvi
75%
cdxxi
75%
cdxxv
75%
cdxxx
75%
cliii
75%
clvii
75%
clxii
75%
clxiv
75%
clxix
75%
clxvi
75%
clxxi
75%
clxxv
75%
clxxx
75%
cmiii
75%
cmlii
75%
cmliv
75%
cmlix
75%
cmlvi
75%
cmlxi
75%
cmlxv
75%
cmlxx
75%
cmvii
75%
cmxii
75%
cmxiv
75%
cmxix
75%
cmxli
75%
cmxlv
75%
cmxxi
75%
cmxxv
75%
cmxxx
75%
cxcii
75%
cxciv
75%
cxcix
75%
cxcvi
75%
cxiii
75%
cxlii
75%
cxliv
75%
cxlix
75%
cxlvi
75%
cxvii
75%
cxxii
75%
cxxiv
75%
cxxix
75%
cxxvi
75%
cxxxi
75%
cxxxv
75%
dccci
75%
dcccl
75%
dcccv
75%
dcccx
75%
dccli
75%
dcclv
75%
dcclx
75%
dccxc
75%
dciii
75%
dclii
75%
dcliv
75%
dclix
75%
dclvi
75%
dclxi
75%
dclxv
75%
dclxx
75%
dcvii
75%
dcxci
75%
dcxcv
75%
dcxii
75%
dcxiv
75%
dcxix
75%
dcxli
75%
dcxlv
75%
dcxvi
75%
dcxxi
75%
dcxxv
75%
dcxxx
75%
dliii
75%
dlvii
75%
dlxii
75%
dlxiv
75%
dlxix
75%
dlxvi
75%
dlxxi
75%
dlxxv
75%
dlxxx
75%
dviii
75%
dxcii
75%
dxciv
75%
dxcix
75%
dxcvi
75%
dxiii
75%
dxlii
75%
dxliv
75%
dxlix
75%
dxlvi
75%
dxvii
75%
dxxii
75%
dxxiv
75%
dxxix
75%
dxxvi
75%
dxxxi
75%
dxxxv
75%
mciii
75%
mcvii
75%
mcxii
75%
mcxiv
75%
mcxix
75%
mcxvi
75%
mcxxi
75%
mcxxv
75%
mcxxx
75%
mliii
75%
mlvii
75%
mlxii
75%
mlxiv
75%
mlxix
75%
mlxvi
75%
mlxxi
75%
mlxxv
75%
mlxxx
75%
mviii
75%
mxcii
75%
mxciv
75%
mxcix
75%
mxcvi
75%
mxiii
75%
mxlii
75%
mxliv
75%
mxlix
75%
mxlvi
75%
cmxci
63%
cmxcv
63%
dccii
63%
dcciv
63%
dccix
63%
dccl
63%
dccvi
63%
dccxi
63%
dccxv
63%
dccxx
63%
mclii
63%
mcliv
63%
mclix
63%
mclvi
63%
mcxli
63%
mcxlv
63%
mxvii
63%
mxxii
63%
mxxiv
63%
mxxix
63%
mxxvi
63%
mxxxi
63%
mxxxv
63%
mccci
50%
mcccl
50%
mcccv
50%
mcccx
50%
mccii
50%
mcciv
50%
mccix
50%
mccli
50%
mcclv
50%
mcclx
50%
mccvi
50%
mccxc
50%
mccxi
50%
mccxl
50%
mccxv
50%
mccxx
50%
mcdii
50%
mcdiv
50%
mcdix
50%
mcdli
50%
mcdlv
50%
mcdlx
50%
mcdvi
50%
mcdxc
50%
mcdxi
50%
mcdxl
50%
mcdxv
50%
mcdxx
50%
mclxi
50%
mclxv
50%
mclxx
50%
mcmii
50%
mcmiv
50%
mcmix
50%
mcmli
50%
mcmlv
50%
mcmlx
50%
mcmxc
50%
mcmxi
50%
mcmxl
50%
mcmxv
50%
mcmxx
50%
mcxci
50%
mcxcv
50%
mdccc
50%
mdcci
50%
mdccl
50%
mdccv
50%
mdccx
50%
mdcii
50%
mdciv
50%
mdcix
50%
mdcli
50%
mdclv
50%
mdclx
50%
mdcvi
50%
mdcxc
50%
mdcxi
50%
mdcxl
50%
mdcxv
50%
mdcxx
50%
mdiii
50%
mdlii
50%
mdliv
50%
mdlix
50%
mdlvi
50%
mdlxi
50%
mdlxv
50%
mdlxx
50%
mdvii
50%
mdxci
50%
mdxcv
50%
mdxii
50%
mdxiv
50%
mdxix
50%
mdxli
50%
mdxlv
50%
mdxvi
50%
mdxxi
50%
mdxxv
50%
mdxxx
50%
mmiii
50%
mmvii
50%
mmxii
50%
mmcii
38%
mmlii
38%
mmliv
38%
mmlix
38%
mmlvi
38%
mmlxi
38%
mmlxv
38%
mmlxx
38%
mmmcd
38%
mmmci
38%
mmmcl
38%
mmmcv
38%
mmmcx
38%
mmmdc
38%
mmmdi
38%
mmmdl
38%
mmmdv
38%
mmmdx
38%
mmmli
38%
mmmlv
38%
mmmlx
38%
mmmxc
38%
mmmxl
38%
mmxci
38%
mmxcv
38%
mmxiv
38%
mmxix
38%
mmxli
38%
mmxlv
38%
mmxvi
38%
mmxxi
38%
mmxxv
38%
mmxxx
38%
mmccc
25%
mmcci
25%
mmccl
25%
mmccv
25%
mmccx
25%
mmcdi
25%
mmcdl
25%
mmcdv
25%
mmcdx
25%
mmciv
25%
mmcix
25%
mmcli
25%
mmclv
25%
mmclx
25%
mmcmi
25%
mmcml
25%
mmcmv
25%
mmcmx
25%
mmcvi
25%
mmcxc
25%
mmcxi
25%
mmcxl
25%
mmcxv
25%
mmcxx
25%
mmdcc
25%
mmdci
25%
mmdcl
25%
mmdcv
25%
mmdcx
25%
mmdii
25%
mmdiv
25%
mmdix
25%
mmdli
25%
mmdlv
25%
mmdlx
25%
mmdvi
25%
mmdxc
25%
mmdxi
25%
mmdxl
25%
mmdxv
25%
mmdxx
25%
mmmcc
25%
mmmcm
25%
mmmii
25%
mmmiv
25%
mmmix
25%
mmmvi
25%
mmmxi
25%
mmmxv
25%
mmmxx
25%
No matching quizzes found
Score Distribution
Percent of People with Each Score
Percentile by Number Answered
Your Score History
You have not taken this quiz since the last reset